Determinación y notas sobre los Conocephalinae (Orthóptera: Tettigoniidae) presentes en la colección del Museo de Entomología de la Universidad del Valle (Registro nro. 15724)
[ vista simple ]
| 000 -CABECERA | |
|---|---|
| Campo de control | 004920000a22001210004500 |
| 090 ## - CLASIFICACIÓN LOCAL | |
| Colección | As |
| Consecutivo | Seriadas |
| 041 0# - IDIOMA | |
| Código de idioma para texto/pista de sonido o título separado | |
| 100 1# - ASIENTO PRINCIPAL--NOMBRE PERSONAL | |
| Nombre personal | Montealegre, Fernando |
| 245 10 - MENCION DE TITULO | |
| Título | Determinación y notas sobre los Conocephalinae (Orthóptera: Tettigoniidae) presentes en la colección del Museo de Entomología de la Universidad del Valle |
| 700 1# - ASIENTO SECUNDARIO - NOMBRE PERSONAL | |
| Nombre personal | González, Ranulfo |
| 773 1# - Item fuente: | |
| Título | Boletín del Museo de Entomología de la Universidad del Valle |
| Descripción física | 1 |
| Paginas del Articulo | 37-44 |
| Lugar, editorial y fecha de publicación | 1995 |
| Información sobre la relación | 3 |
| 942 ## - ELEMENTOS ADICIONALES (KOHA) | |
| Tipo de ítem | Artículo |
No hay ítems disponibles.